[Event "17MCR_F"]
[Site "?"]
[Date "2005.??.??"]
[Round "?"]
[White "Laurenc, Petr"]
[Black "Pytlik, Lesek"]
[Result "0-1"]
[WhiteElo "2484"]
[BlackElo "2367"]
[PlyCount "100"]
[EventDate "2005.??.??"]
[EventType "corr"]
[SourceDate "2005.03.19"]

1. d4 d5 2. c4 c6 3. Nf3 Nf6 4. Nc3 e6 5. e3 Nbd7 6. Qc2 b6 7. Bd3 Bb7 8. O-O
dxc4 9. Bxc4 c5 10. Ne5 a6 11. Rd1 Bd6 12. Bd3 Qc7 13. f4 Rd8 14. a4 O-O 15.
Qf2 cxd4 16. exd4 Bb4 17. Qg3 Bxc3 18. bxc3 Ne4 19. Bxe4 Bxe4 20. Ba3 Rfe8 21.
Ng4 Bg6 22. Re1 Rc8 23. Re3 Qc4 24. a5 bxa5 25. Ne5 Nxe5 26. fxe5 Rb8 27. Bd6
Rb5 28. Qf3 Rc8 29. h4 h5 30. Bc5 Rcb8 31. Kh2 Qd5 32. Bd6 Rc8 33. Qf2 Rc4 34.
Ra3 Qb7 35. Qf3 Qc8 36. Qe2 a4 37. Qd1 Rb2 38. Qf1 a5 39. Rg3 Qd8 40. Rg5 Qa8
41. Qf4 Be4 42. Qf1 Qb7 43. Rg3 Rd2 44. Qf6 Rxg2+ 45. Rxg2 Bxg2 46. Qd8+ Kh7
47. Qg5 Bf3 48. Kg3 Bg4 49. Qe3 Qh1 50. Bc5 Qh3+ 0-1

[Event "17MCR_F"]
[Site "?"]
[Date "2005.??.??"]
[Round "?"]
[White "Pravec, Ladislav"]
[Black "Hybl, Vladislav"]
[Result "1/2-1/2"]
[WhiteElo "2380"]
[BlackElo "2305"]
[PlyCount "75"]
[EventDate "2005.??.??"]
[EventType "corr"]
[SourceDate "2005.03.19"]

1. d4 d5 2. c4 c6 3. Nf3 Nf6 4. Nc3 e6 5. e3 Nbd7 6. Bd3 dxc4 7. Bxc4 b5 8. Bd3
Bb7 9. e4 b4 10. Na4 c5 11. e5 Nd5 12. dxc5 Nxc5 13. Nxc5 Bxc5 14. O-O h6 15.
Nd2 Qc7 16. Re1 Rd8 17. Qg4 Ne7 18. Qg3 a5 19. Nb3 Ba7 20. a4 Bc6 21. Bd2 Bd4
22. Nxd4 Rxd4 23. Bf4 g5 24. Bc1 Qd7 25. Bc2 h5 26. f3 g4 27. Be3 gxf3 28. Rad1
Rxd1 29. Rxd1 Bd5 30. Qf4 Qc6 31. Bd3 Qxa4 32. Rc1 Rg8 33. g3 Qd7 34. Bc5 Bc6
35. Bd6 Qa7+ 36. Bc5 Qd7 37. Bd6 Qa7+ 38. Bc5 1/2-1/2

[Event "17MCR_F"]
[Site "?"]
[Date "2005.??.??"]
[Round "?"]
[White "Vozda, Jindrich"]
[Black "Kostal, Jindrich"]
[Result "1/2-1/2"]
[WhiteElo "2494"]
[BlackElo "2405"]
[PlyCount "85"]
[EventDate "2005.??.??"]
[EventType "corr"]
[SourceDate "2005.03.19"]

1. e4 e5 2. Nf3 Nc6 3. Bb5 a6 4. Ba4 Nf6 5. O-O Be7 6. Re1 b5 7. Bb3 O-O 8. h3
Bb7 9. d3 d6 10. a3 Nb8 11. Nbd2 c5 12. Nf1 Nbd7 13. Ng3 Rc8 14. Nf5 c4 15. Ba2
Re8 16. Bg5 h6 17. Bh4 Bf8 18. Nh2 Qb6 19. Ng4 d5 20. exd5 Nxg4 21. hxg4 g6 22.
Ne3 cxd3 23. Qxd3 Qd4 24. Qb3 Nc5 25. Qb4 Ne4 26. Qxd4 exd4 27. Nf1 Nd6 28.
Rxe8 Nxe8 29. Bb3 Nc7 30. Rd1 Bxd5 31. Bxd5 Nxd5 32. Rxd4 Nb6 33. Ne3 Bc5 34.
Rd3 g5 35. Bg3 Bxe3 36. Rxe3 Rxc2 37. b3 Nd7 38. f3 Nc5 39. Re8+ Kg7 40. Ra8
Nxb3 41. Rxa6 f6 42. Bf2 Ra2 43. Rb6 1/2-1/2

[Event "17MCR_F"]
[Site "?"]
[Date "2005.??.??"]
[Round "?"]
[White "Brousek, Jiri"]
[Black "Javorsky, Jan"]
[Result "1/2-1/2"]
[WhiteElo "2368"]
[BlackElo "2305"]
[PlyCount "101"]
[EventDate "2005.??.??"]
[EventType "corr"]
[SourceDate "2005.03.19"]

1. d4 Nf6 2. Nf3 e6 3. e3 b6 4. Bd3 d5 5. O-O Bb7 6. b3 Bd6 7. Bb2 O-O 8. c4
Nbd7 9. Ne5 c5 10. f4 cxd4 11. exd4 Ne4 12. Qe2 f6 13. cxd5 fxe5 14. Bxe4 exd5
15. fxe5 Rxf1+ 16. Qxf1 Nxe5 17. Bxh7+ Kxh7 18. Qf5+ Kg8 19. dxe5 Bc5+ 20. Kh1
Qe7 21. Nd2 Rf8 22. Qd3 d4 23. Nf3 Bxf3 24. gxf3 Qxe5 25. Rd1 Rf4 26. Rg1 Rf7
27. Rg4 Qe3 28. Qxe3 dxe3 29. Kg2 Rd7 30. Bc3 Rd2+ 31. Kf1 Rf2+ 32. Ke1 Rxh2
33. a4 Rc2 34. Bxg7 Kf7 35. b4 Bxb4+ 36. Rxb4 Kxg7 37. a5 bxa5 38. Ra4 Rc5 39.
Ke2 Kf6 40. Kxe3 Rb5 41. Rh4 Rb3+ 42. Ke2 Kg5 43. Rc4 Rb5 44. Kd3 Kf5 45. f4
Kg4 46. f5+ Kg5 47. f6 Rd5+ 48. Kc2 Rf5 49. f7 Rf2+ 50. Kb3 Rxf7 51. Rc5+
1/2-1/2

[Event "17MCR_F"]
[Site "?"]
[Date "2005.??.??"]
[Round "?"]
[White "Priesol, Daniel"]
[Black "Javorsky, Jan"]
[Result "1/2-1/2"]
[WhiteElo "2318"]
[BlackElo "2305"]
[PlyCount "73"]
[EventDate "2005.??.??"]
[EventType "corr"]
[SourceDate "2005.03.19"]

1. e4 c5 2. Nf3 Nc6 3. d4 cxd4 4. Nxd4 Nf6 5. Nc3 d6 6. Bg5 e6 7. Qd2 a6 8.
O-O-O Bd7 9. f3 b5 10. g4 Be7 11. Be3 h6 12. h4 b4 13. Nce2 a5 14. Nxc6 Bxc6
15. Nd4 Bd7 16. Rg1 a4 17. Qxb4 d5 18. Qe1 e5 19. Nf5 d4 20. g5 Nh5 21. gxh6 g6
22. Nxe7 Qxe7 23. Bg5 Qc5 24. Kb1 Rb8 25. Bc1 O-O 26. f4 Nxf4 27. Bxf4 Qa3 28.
Bc1 Rxb2+ 29. Bxb2 Rb8 30. Rxg6+ Kh7 31. Rg7+ Kxh6 32. Qd2+ Kxg7 33. Qg5+ Kh7
34. Qh5+ Kg8 35. Qg5+ Kh7 36. Qh5+ Kg8 37. Qg5+ 1/2-1/2

[Event "17MCR_F"]
[Site "?"]
[Date "2005.??.??"]
[Round "?"]
[White "Kostal, Jindrich"]
[Black "Pytlik, Lesek"]
[Result "1/2-1/2"]
[WhiteElo "2405"]
[BlackElo "2365"]
[PlyCount "75"]
[EventDate "2005.??.??"]
[EventType "corr"]
[SourceDate "2005.03.19"]

1. e4 e6 2. d4 d5 3. Nd2 c5 4. exd5 Qxd5 5. Ngf3 cxd4 6. Bc4 Qd6 7. O-O Nf6 8.
Nb3 Nc6 9. Nbxd4 Nxd4 10. Nxd4 a6 11. c3 Qc7 12. Bd3 Bd6 13. h3 b6 14. Bg5 Bb7
15. Re1 h6 16. Bxf6 gxf6 17. Be4 O-O-O 18. Bxb7+ Qxb7 19. Qe2 Rdg8 20. Nf3 Bc7
21. Kh1 Rg6 22. b4 Rhg8 23. Rg1 f5 24. Rae1 b5 25. c4 bxc4 26. Rc1 Qe4 27. Qxc4
Qxc4 28. Rxc4 Kb7 29. Rd1 Rd8 30. Rxd8 Bxd8 31. Ne5 Rg7 32. Kg1 f6 33. Nd3 e5
34. Rh4 Rh7 35. g3 Kc6 36. Rh5 Kd5 37. Nc5 a5 38. a3 1/2-1/2

[Event "17MCR_F"]
[Site "?"]
[Date "2005.??.??"]
[Round "?"]
[White "Sochor, Frantisek"]
[Black "Javorsky, Jan"]
[Result "1/2-1/2"]
[WhiteElo "2308"]
[BlackElo "2305"]
[PlyCount "105"]
[EventDate "2005.??.??"]
[EventType "corr"]
[SourceDate "2005.03.19"]

1. e4 e6 2. d4 d5 3. Nc3 Nf6 4. Bg5 Be7 5. e5 Nfd7 6. Bxe7 Qxe7 7. Qh5 a6 8. f4
c5 9. Nf3 cxd4 10. Nxd4 Nc6 11. O-O-O O-O 12. Bd3 g6 13. Nxc6 bxc6 14. Qh6 f6
15. h4 Qg7 16. Qxg7+ Kxg7 17. exf6+ Nxf6 18. g3 Nd7 19. Rhe1 e5 20. fxe5 Re8
21. Na4 Nxe5 22. Nb6 Rb8 23. Nxc8 Nxd3+ 24. cxd3 Rbxc8 25. Kd2 h5 26. Rxe8 Rxe8
27. Rc1 Rc8 28. Ke3 c5 29. Kd2 Rb8 30. b3 Rb5 31. d4 cxd4 32. Rc7+ Kf6 33. Rc6+
Kf5 34. Rxa6 Rc5 35. Kd3 Rc3+ 36. Kxd4 Rxg3 37. Kxd5 g5 38. hxg5 Rxg5 39. b4 h4
40. a4 Kg4+ 41. Ke4 Kg3 42. Kd3 Rg4 43. Kc3 h3 44. Rd6 h2 45. Rd1 Kh3 46. Rh1
Rg3+ 47. Kc4 Rg4+ 48. Kb5 Rg5+ 49. Kb6 Rg6+ 50. Ka5 Rg1 51. Rxh2+ Kxh2 52. b5
Kg3 53. b6 1/2-1/2

[Event "17MCR_F"]
[Site "?"]
[Date "2005.??.??"]
[Round "?"]
[White "Pravec, Ladislav"]
[Black "Kostal, Jindrich"]
[Result "1-0"]
[WhiteElo "2381"]
[BlackElo "2405"]
[PlyCount "95"]
[EventDate "2005.??.??"]
[EventType "corr"]
[SourceDate "2005.03.19"]

1. d4 Nf6 2. c4 g6 3. Nc3 d5 4. cxd5 Nxd5 5. e4 Nxc3 6. bxc3 Bg7 7. Nf3 c5 8.
Rb1 O-O 9. Be2 cxd4 10. cxd4 Qa5+ 11. Qd2 Qc7 12. O-O f5 13. e5 Rd8 14. Qb4 Nc6
15. Qc4+ e6 16. Ba3 a6 17. Rfc1 Bh6 18. Rc2 Bf8 19. Bxf8 Kxf8 20. Qc3 Kg7 21.
Bc4 h6 22. Bb3 g5 23. Ba4 Qa5 24. Qa3 Rd7 25. Rc5 Qd8 26. Bxc6 bxc6 27. Rxc6
Qe7 28. Qb3 Kf7 29. Rb6 Raa7 30. Nd2 Rxd4 31. Nc4 Rad7 32. Nd6+ R7xd6 33. exd6
Rxd6 34. Rxd6 Qxd6 35. Qc3 Bd7 36. Qh8 g4 37. Qh7+ Kf6 38. Qxh6+ Kf7 39. h3
gxh3 40. Qh5+ Kf6 41. Rd1 h2+ 42. Kh1 Qc6 43. Qh6+ Ke7 44. Qg5+ Kf7 45. Rd3 e5
46. Rh3 Qg6 47. Qd8 Be6 48. Rh8 1-0

[Event "17MCR_F"]
[Site "?"]
[Date "2005.??.??"]
[Round "?"]
[White "Laurenc, Petr"]
[Black "Lounek, Jan"]
[Result "0-1"]
[WhiteElo "2484"]
[BlackElo "2380"]
[PlyCount "122"]
[EventDate "2005.??.??"]
[EventType "corr"]
[SourceDate "2005.03.19"]

1. e4 c5 2. Nf3 d6 3. d4 cxd4 4. Nxd4 Nf6 5. Nc3 a6 6. Be2 e6 7. O-O Be7 8. f4
O-O 9. Kh1 Qc7 10. a4 Nc6 11. Be3 Re8 12. Bf3 Na5 13. Bg1 Rb8 14. Nde2 b6 15.
Qe1 Bb7 16. Rd1 Nd7 17. g4 h6 18. Qg3 Bf6 19. Bg2 Rbc8 20. Be3 Nf8 21. Qf2 Nc4
22. Bc1 Ng6 23. Rd3 d5 24. b3 dxe4 25. Nxe4 Bh4 26. Qg1 f5 27. gxf5 exf5 28.
N4c3 Na5 29. Be3 Rcd8 30. Bxb6 Bxg2+ 31. Kxg2 Qc6+ 32. Rdf3 Rd2 33. Kh3 Nb7 34.
Be3 Rd6 35. Bd4 Be1 36. b4 Bxc3 37. Rxc3 Qd5 38. Re3 Rxe3+ 39. Bxe3 Kh7 40. Nd4
Qc4 41. b5 Nc5 42. b6 Rxb6 43. Nxf5 Rf6 44. Nd4 Ne4 45. Rf3 Qxa4 46. f5 Ne5 47.
Rf4 Nd6 48. Qf1 Qe8 49. Kg2 Qa8+ 50. Kf2 Qb7 51. Qg2 Qb2 52. Kg1 Nec4 53. Qg3
a5 54. Bf2 a4 55. Rg4 Qb7 56. h3 a3 57. Qb3 Qd5 58. Be1 Rf7 59. Bb4 h5 60. Rh4
Nxf5 61. Qd3 a2 0-1

[Event "17MCR_F"]
[Site "?"]
[Date "2005.??.??"]
[Round "?"]
[White "Soudny, Jiri"]
[Black "Svoboda, Frantisek"]
[Result "1-0"]
[WhiteElo "2326"]
[BlackElo "2391"]
[PlyCount "103"]
[EventDate "2005.??.??"]
[EventType "corr"]
[SourceDate "2005.03.19"]

1. d4 Nf6 2. c4 e6 3. Nf3 Bb4+ 4. Bd2 c5 5. Bxb4 cxb4 6. g3 O-O 7. Bg2 d6 8.
O-O Nc6 9. Nbd2 Re8 10. Qb3 a5 11. Rfd1 Qe7 12. a3 a4 13. Qe3 bxa3 14. Rxa3 Bd7
15. b3 e5 16. dxe5 dxe5 17. Rxa4 Rxa4 18. bxa4 e4 19. Ne1 Bf5 20. Nc2 Rd8 21.
h3 Bg6 22. Qb6 Rd6 23. c5 Rd7 24. Ne3 Nd5 25. Nxd5 Rxd5 26. a5 Qd7 27. a6 bxa6
28. Rb1 f5 29. Nc4 Rd1+ 30. Rxd1 Qxd1+ 31. Kh2 Qd5 32. Qxa6 h5 33. Na5 Be8 34.
Nxc6 Bxc6 35. Qa7 Kf8 36. e3 h4 37. gxh4 Qe5+ 38. Kg1 f4 39. Qb6 Be8 40. exf4
Qxf4 41. Qb4 Bc6 42. Bf1 Ke7 43. Qc3 Kf7 44. Bb5 Bxb5 45. Qb3+ Ke7 46. Qxb5 e3
47. Qe2 Qxh4 48. Qxe3+ Kd7 49. Qg3 Qf6 50. Qd6+ Qxd6 51. cxd6 Kxd6 52. Kg2 1-0

[Event "17MCR_F"]
[Site "?"]
[Date "2005.??.??"]
[Round "?"]
[White "Boukal, Petr"]
[Black "Sochor, Frantisek"]
[Result "1/2-1/2"]
[WhiteElo "2417"]
[BlackElo "2308"]
[PlyCount "100"]
[EventDate "2005.??.??"]
[EventType "corr"]
[SourceDate "2005.03.19"]

1. e4 c5 2. c3 d5 3. exd5 Qxd5 4. d4 Nf6 5. Nf3 Bg4 6. dxc5 Qxd1+ 7. Kxd1 e5 8.
b4 e4 9. h3 Bh5 10. g4 Nxg4 11. hxg4 Bxg4 12. Nbd2 exf3 13. Bd3 Nd7 14. Re1+
Be7 15. Kc2 h5 16. Nc4 Be6 17. Na5 b6 18. Be4 Rc8 19. Nc6 bxc5 20. b5 a6 21.
bxa6 Bh4 22. Be3 Ra8 23. a7 g6 24. Rab1 O-O 25. Bxf3 Bf5+ 26. Kd2 Rfd8 27. Nxd8
Rxa7 28. Nb7 Rxa2+ 29. Kc1 Bf6 30. Nxc5 Bxc3 31. Re2 Rxe2 32. Bxe2 Bxb1 33.
Kxb1 Nxc5 34. Bxc5 Kg7 35. Kc2 Be5 36. Kd3 f5 37. Kc4 h4 38. Kd5 Bb8 39. Ke6 h3
40. Bd4+ Kh7 41. Be3 h2 42. Bf3 Bc7 43. Bg2 f4 44. Bd4 Kh6 45. Bf3 Bd8 46. Ke5
Bc7+ 47. Ke4 Kh7 48. Bg2 Kh6 49. Bh1 Kh5 50. Bf3+ Kh4 1/2-1/2

[Event "17MCR_F"]
[Site "?"]
[Date "2005.??.??"]
[Round "?"]
[White "Bucek, Jiri"]
[Black "Lounek, Jan"]
[Result "0-1"]
[WhiteElo "2326"]
[BlackElo "2380"]
[PlyCount "108"]
[EventDate "2005.??.??"]
[EventType "corr"]
[SourceDate "2005.03.19"]

1. e4 c5 2. Nf3 d6 3. d4 cxd4 4. Nxd4 Nf6 5. Nc3 a6 6. Be3 e6 7. Be2 Qc7 8. O-O
b5 9. a4 b4 10. Na2 Nxe4 11. Nxb4 d5 12. c3 Bd6 13. g3 Nd7 14. Re1 O-O 15. Bd3
Ne5 16. Bf4 Nxd3 17. Bxd6 Qxd6 18. Nxd3 Rb8 19. Qe2 f6 20. Nb4 Bb7 21. a5 e5
22. Nf5 Qd7 23. Qg4 Rfd8 24. Rad1 Nd6 25. Nh6+ Kf8 26. Qxd7 Rxd7 27. Ng4 Nc4
28. Ne3 Nxb2 29. Rb1 d4 30. Rxb2 dxe3 31. fxe3 Rc8 32. Rc1 Rc5 33. Ra2 Ke7 34.
Kf1 Rc4 35. Rb2 g5 36. Ke1 h5 37. Nd3 Rcc7 38. Ke2 g4 39. Nb4 Rc5 40. Ra2 Rc4
41. Ke1 Rdc7 42. Kd2 Ke6 43. Ra3 h4 44. Re1 f5 45. gxh4 Rh7 46. Re2 Rxh4 47.
Rb3 Rh7 48. Kc2 Rhc7 49. Kb2 R4c5 50. Ra3 Kf6 51. Rc2 f4 52. exf4 exf4 53. Nd3
Rb5+ 54. Nb4 Rcc5 0-1

[Event "17MCR_F"]
[Site "?"]
[Date "2005.??.??"]
[Round "?"]
[White "Sykora, Josef"]
[Black "Svoboda, Frantisek"]
[Result "1-0"]
[WhiteElo "2394"]
[BlackElo "2391"]
[PlyCount "99"]
[EventDate "2005.??.??"]
[EventType "corr"]
[SourceDate "2005.03.19"]

1. d4 e6 2. c4 Nf6 3. Nf3 Bb4+ 4. Bd2 c5 5. Bxb4 cxb4 6. g3 O-O 7. Bg2 d6 8.
O-O Nc6 9. a3 bxa3 10. Rxa3 e5 11. e3 Bg4 12. Qb3 Qd7 13. d5 Ne7 14. Nc3 a6 15.
Nd2 Qc7 16. Rfa1 Rfd8 17. h3 Bf5 18. Qb4 Rab8 19. e4 Bc8 20. Na4 Nd7 21. Qc3 b6
22. b4 f5 23. Qd3 Nf6 24. Nc3 Rf8 25. exf5 Nxf5 26. Nce4 Nxe4 27. Nxe4 Qe7 28.
R3a2 Kh8 29. Rf1 Nh6 30. Qa3 Bb7 31. b5 axb5 32. Qxd6 Qe8 33. Ng5 bxc4 34. Ne6
Rf7 35. Re2 Ng8 36. Rxe5 Rd7 37. Qb4 Rc8 38. Qxb6 Nf6 39. Qd4 Qe7 40. Nf4 Qc5
41. Qc3 Qb5 42. Rfe1 Qb6 43. Qd4 Qb4 44. g4 Ng8 45. g5 Qf8 46. Ne6 Qb4 47. h4
Rf7 48. h5 h6 49. gxh6 Nxh6 50. Qe4 1-0

[Event "17MCR_F"]
[Site "?"]
[Date "2005.??.??"]
[Round "?"]
[White "Nejtek, Jiri"]
[Black "Hala, Martin"]
[Result "1-0"]
[WhiteElo "2349"]
[BlackElo "2383"]
[PlyCount "115"]
[EventDate "2005.??.??"]
[EventType "corr"]
[SourceDate "2005.03.19"]

1. e4 e5 2. Nf3 Nc6 3. d4 exd4 4. c3 d5 5. exd5 Qxd5 6. cxd4 Bg4 7. Be2 Bb4+ 8.
Nc3 Bxf3 9. Bxf3 Qc4 10. Qb3 Qxb3 11. axb3 Nge7 12. O-O a6 13. Be3 O-O-O 14.
Rfd1 Kb8 15. Ra4 Bd6 16. Ne4 f6 17. d5 Ne5 18. Bh5 N5g6 19. g3 Nc8 20. f4 Nge7
21. Rc4 Nf5 22. Bf2 Nb6 23. Rc2 Bb4 24. Bf7 Nd6 25. Nxd6 Rxd6 26. Rd4 a5 27. f5
Rdd8 28. Be6 g5 29. Rd1 Nd7 30. Rdc1 Bd6 31. b4 a4 32. b5 b6 33. Rc4 Nc5 34.
Ra1 h5 35. Bxc5 bxc5 36. Rcxa4 Kb7 37. Ra7+ Kb6 38. R1a5 c4 39. Kg2 Rb8 40. h4
g4 41. Kf2 Rhd8 42. Ke3 Kc5 43. b6+ Kb4 44. bxc7 Bxc7 45. Ra4+ Kb3 46. Rxc7
Kxa4 47. Rxc4+ Ka5 48. Rc5+ Ka4 49. Rc7 Rxb2 50. Ra7+ Kb4 51. Rb7+ Ka3 52. Rxb2
Kxb2 53. Kd4 Kc2 54. Bf7 Kd2 55. Bxh5 Ke2 56. Bxg4+ Kf2 57. Bh5 Kxg3 58. Bf7
1-0

[Event "17MCR_F"]
[Site "?"]
[Date "2005.??.??"]
[Round "?"]
[White "Masek, Jan"]
[Black "Svoboda, Frantisek"]
[Result "1/2-1/2"]
[WhiteElo "2365"]
[BlackElo "2391"]
[PlyCount "84"]
[EventDate "2005.??.??"]
[EventType "corr"]
[SourceDate "2005.03.19"]

1. e4 e6 2. d4 d5 3. Nd2 Nf6 4. e5 Nfd7 5. Bd3 c5 6. c3 Nc6 7. Ngf3 cxd4 8.
cxd4 Qb6 9. O-O Nxd4 10. Nxd4 Qxd4 11. Nf3 Qb6 12. Qc2 h6 13. Bf4 Bc5 14. Rac1
a5 15. a3 a4 16. h4 O-O 17. h5 Qa5 18. g4 Be7 19. Kh2 Qd8 20. Rg1 f6 21. Kg2
fxe5 22. Nxe5 Nxe5 23. Bxe5 Bd6 24. Qe2 Qe7 25. Kg3 Rf6 26. f4 Bd7 27. Rgf1
Raf8 28. Qe3 Bc6 29. Rf2 Bxe5 30. Qxe5 Qd7 31. Rc3 Qd8 32. Bc2 Qb6 33. Rd3 Kh8
34. Rd1 Be8 35. Rd3 Bd7 36. Rdd2 Be8 37. Rd3 Bb5 38. Rd4 Kg8 39. Rfd2 R6f7 40.
Bg6 Rf6 41. Bc2 R6f7 42. Bg6 Rf6 1/2-1/2

[Event "17MCR_F"]
[Site "?"]
[Date "2005.??.??"]
[Round "?"]
[White "Masek, Jan"]
[Black "Kostal, Jindrich"]
[Result "1-0"]
[WhiteElo "2368"]
[BlackElo "2405"]
[PlyCount "93"]
[EventDate "2005.??.??"]
[EventType "corr"]
[SourceDate "2005.03.19"]

1. e4 e5 2. Nf3 Nc6 3. d4 exd4 4. Nxd4 Bc5 5. Nxc6 Qf6 6. Qd2 Qxc6 7. Bd3 Nf6
8. O-O O-O 9. b4 Bd6 10. b5 Qc5 11. Ba3 Qe5 12. Bxd6 Qxd6 13. Nc3 a6 14. a4 Ng4
15. g3 c6 16. bxa6 bxa6 17. a5 Rb8 18. Na4 Ne5 19. Qc3 Nxd3 20. cxd3 Rb5 21.
Rfb1 Qe7 22. Nb6 Bb7 23. Qd4 d6 24. Rxb5 cxb5 25. Rc1 Qd8 26. Qc3 Re8 27. Qc7
Qe7 28. f4 h5 29. Qxe7 Rxe7 30. Kf2 Kf8 31. Ke3 Ke8 32. Nc8 Rd7 33. e5 dxe5 34.
fxe5 f6 35. Nd6+ Kd8 36. d4 Ke7 37. Nxb7 Rxb7 38. Rc6 fxe5 39. dxe5 b4 40. Rb6
Rc7 41. Rxa6 b3 42. Rb6 Rc5 43. a6 Rxe5+ 44. Kd3 Ra5 45. Rb7+ Kd6 46. Rxg7 Rb5
47. Rb7 1-0

[Event "17MCR_F"]
[Site "?"]
[Date "2005.??.??"]
[Round "?"]
[White "Soudny, Jiri"]
[Black "Kostal, Jindrich"]
[Result "1-0"]
[WhiteElo "2326"]
[BlackElo "2405"]
[PlyCount "115"]
[EventDate "2005.??.??"]
[EventType "corr"]
[SourceDate "2005.03.19"]

1. d4 Nf6 2. c4 g6 3. Nc3 d5 4. Nf3 Bg7 5. cxd5 Nxd5 6. e4 Nxc3 7. bxc3 c5 8.
Rb1 O-O 9. Be2 cxd4 10. cxd4 Qa5+ 11. Bd2 Qxa2 12. O-O Bg4 13. Bg5 h6 14. Be3
Nc6 15. d5 Rfd8 16. Rxb7 e6 17. Rc7 Bxf3 18. gxf3 Nb4 19. Bc4 Qb2 20. f4 exd5
21. exd5 Qf6 22. d6 Qxd6 23. Qxd6 Rxd6 24. Bxf7+ Kh7 25. Kh1 Nd5 26. Rd1 Rad8
27. Rxa7 Nc3 28. Rxd6 Rxd6 29. Bc4 Nd5 30. Kg2 Kh8 31. Bc5 Rd8 32. Kf3 Bf6 33.
Rf7 Bg7 34. h4 Nc3 35. Rc7 Bf6 36. Rc6 Kg7 37. Bd6 Nb1 38. Be6 Nc3 39. Rc7+ Kh8
40. Be5 Bxe5 41. fxe5 Nb5 42. Re7 Nd4+ 43. Ke4 Nxe6 44. Rxe6 Kg7 45. Rd6 Ra8
46. Rd7+ Kf8 47. f4 Ra4+ 48. Rd4 Ra1 49. h5 Re1+ 50. Kd5 g5 51. Ke6 gxf4 52.
Kf6 Ke8 53. Rxf4 Kf8 54. Ra4 Rf1+ 55. Kg6 Re1 56. Ra5 Ke7 57. Kxh6 Ke6 58. Kh7
1-0

[Event "17MCR_F"]
[Site "?"]
[Date "2005.??.??"]
[Round "?"]
[White "Hybl, Vladislav"]
[Black "Vozda, Jindrich"]
[Result "0-1"]
[WhiteElo "2309"]
[BlackElo "2494"]
[PlyCount "78"]
[EventDate "2005.??.??"]
[EventType "corr"]
[SourceDate "2005.03.19"]

1. e4 c5 2. Nf3 Nc6 3. d4 cxd4 4. Nxd4 Nf6 5. Nc3 e5 6. Ndb5 d6 7. Bg5 a6 8.
Na3 b5 9. Bxf6 gxf6 10. Nd5 f5 11. Bd3 Be6 12. O-O Bxd5 13. exd5 Ne7 14. c3 Bg7
15. Qh5 e4 16. Bc2 Qc8 17. Rae1 O-O 18. Bb3 a5 19. Nxb5 a4 20. Bd1 Qc5 21. Nd4
Qxd5 22. Qg5 Qe5 23. f4 Qf6 24. g4 d5 25. a3 Qxg5 26. fxg5 Bxd4+ 27. cxd4 Kg7
28. Rf4 f6 29. gxf6+ Kxf6 30. Ref1 h5 31. gxh5 Ke6 32. Kf2 Rfb8 33. Ke3 Rxb2
34. R4f2 Rb1 35. Kf4 Kf6 36. Bc2 Rxf1 37. Rxf1 Rc8 38. Bxa4 Rc3 39. Bd1 Rxa3
0-1

[Event "17MCR_F"]
[Site "?"]
[Date "2005.??.??"]
[Round "?"]
[White "Svoboda, Frantisek"]
[Black "Hala, Martin"]
[Result "1/2-1/2"]
[WhiteElo "2391"]
[BlackElo "2383"]
[PlyCount "83"]
[EventDate "2005.??.??"]
[EventType "corr"]
[SourceDate "2005.03.19"]

1. c4 Nf6 2. Nc3 e5 3. Nf3 Nc6 4. g3 d5 5. cxd5 Nxd5 6. Bg2 Nb6 7. O-O Be7 8.
a3 O-O 9. b4 Be6 10. Rb1 f6 11. d3 Nd4 12. Bb2 Nxf3+ 13. Bxf3 c6 14. Qc2 a5 15.
b5 cxb5 16. Nxb5 Rc8 17. Bc3 Nd5 18. Qb2 Nxc3 19. Nxc3 b6 20. Rfd1 Bf7 21. Bg4
Rb8 22. e3 Qd6 23. Nb5 Qd5 24. d4 Rfd8 25. Qe2 Bg6 26. Rbc1 Kh8 27. Rc7 Bf8 28.
Bf3 Qb3 29. Rc3 Qf7 30. Rdc1 Qe8 31. Bc6 Qe6 32. d5 Qf7 33. e4 Bc5 34. g4 Rbc8
35. a4 Qe7 36. Kg2 Bb4 37. Rg3 Bc5 38. h4 Kg8 39. h5 Bf7 40. Qf3 h6 41. Qe2 Be6
42. Rd3 1/2-1/2

[Event "17MCR_F"]
[Site "?"]
[Date "2005.??.??"]
[Round "?"]
[White "Javorsky, Jan"]
[Black "Sykora, Josef"]
[Result "1/2-1/2"]
[WhiteElo "2305"]
[BlackElo "2394"]
[PlyCount "112"]
[EventDate "2005.??.??"]
[EventType "corr"]
[SourceDate "2005.03.19"]

1. d4 d5 2. c4 c6 3. Nf3 e6 4. Nc3 Nf6 5. e3 Nbd7 6. Bd3 dxc4 7. Bxc4 b5 8. Bd3
Bb7 9. a3 b4 10. Ne4 a5 11. Nxf6+ Nxf6 12. O-O Be7 13. b3 O-O 14. Bb2 c5 15.
axb4 axb4 16. dxc5 Rxa1 17. Bxa1 Qd5 18. Qb1 Qh5 19. Bxf6 Bxf6 20. Nd2 Be5 21.
f4 Bc3 22. Nc4 g6 23. Be4 Bxe4 24. Qxe4 Qxc5 25. Rd1 Qa7 26. h3 Qa2 27. Qb1 Qe2
28. Qd3 Qh5 29. Kh2 Qh4 30. Qe2 Qe7 31. e4 f6 32. Rd6 e5 33. f5 gxf5 34. exf5
Kh8 35. Ra6 Bd4 36. Qd2 Rg8 37. g4 Rd8 38. Qh6 e4 39. Kg2 Rg8 40. Qf4 Qb7 41.
Re6 Qa8 42. Rxe4 Re8 43. Nd2 Bc3 44. Kf2 Rd8 45. Re2 Qd5 46. Nf3 Qxb3 47. Re7
Qa2+ 48. Kg3 Qg8 49. Qh6 Rd5 50. g5 Rxf5 51. Kg4 Ra5 52. Rxh7+ Qxh7 53. Qf8+
Qg8 54. Qh6+ Qh7 55. Qf8+ Qg8 56. Qh6+ Qh7 1/2-1/2

[Event "17MCR_F"]
[Site "?"]
[Date "2005.??.??"]
[Round "?"]
[White "Boukal, Petr"]
[Black "Brousek, Jiri"]
[Result "1-0"]
[WhiteElo "2417"]
[BlackElo "2368"]
[PlyCount "107"]
[EventDate "2005.??.??"]
[EventType "corr"]
[SourceDate "2005.03.19"]

1. e4 e6 2. d4 d5 3. Nc3 Bb4 4. e5 c5 5. a3 Bxc3+ 6. bxc3 Ne7 7. Qg4 cxd4 8.
Qxg7 Rg8 9. Qxh7 dxc3 10. Ne2 Qc7 11. f4 Bd7 12. Qd3 Ba4 13. Nxc3 Bc6 14. Ne2
Ba4 15. Qc3 Nbc6 16. Ng3 O-O-O 17. Bd3 d4 18. Qb2 Na5 19. O-O Nc4 20. Qb4 Nb6
21. Bb2 Nc6 22. Qd2 Nd5 23. Ne4 Ne3 24. Rf2 Rh8 25. Nf6 Qb6 26. Rb1 Kb8 27. Qe2
Ka8 28. h3 Rh4 29. c4 Qc5 30. Ne4 Qe7 31. Bxd4 Rxd4 32. Qxe3 Qxa3 33. Rd2 Rh8
34. Nd6 Rd8 35. Rbb2 f6 36. Ra2 Qb3 37. Kh2 fxe5 38. fxe5 Rd7 39. Qe2 Qb4 40.
Be4 Rxd2 41. Rxd2 Qc5 42. Bxc6 Bxc6 43. Qh5 a5 44. Qg5 Ka7 45. Qf4 Rg7 46. g4
Rg8 47. Qf2 Qxf2+ 48. Rxf2 Kb6 49. Kg3 Kc5 50. h4 a4 51. h5 a3 52. h6 Kb4 53.
Rh2 Kb3 54. Kh4 1-0

[Event "17MCR_F"]
[Site "?"]
[Date "2005.??.??"]
[Round "?"]
[White "Hybl, Vladislav"]
[Black "Sochor, Frantisek"]
[Result "1-0"]
[WhiteElo "2305"]
[BlackElo "2305"]
[PlyCount "87"]
[EventDate "2005.??.??"]
[EventType "corr"]
[SourceDate "2005.03.19"]

1. e4 c5 2. Nf3 d6 3. d4 cxd4 4. Nxd4 Nf6 5. Nc3 a6 6. Be2 e6 7. O-O Be7 8. f4
O-O 9. Be3 Qc7 10. g4 d5 11. e5 Nfd7 12. Qd2 Nc6 13. Bd3 Nc5 14. Nce2 Nxd3 15.
cxd3 f6 16. exf6 Rxf6 17. Nxc6 bxc6 18. Bd4 Rg6 19. h3 a5 20. Rac1 Bb7 21. Qe3
Re8 22. Be5 Bd6 23. Nd4 Bxe5 24. fxe5 Rb8 25. Ne2 Qe7 26. Nf4 Rh6 27. Rf2 Ra8
28. Qc5 Qxc5 29. Rxc5 g5 30. Nh5 a4 31. d4 Rg6 32. Rc3 Rf8 33. Ra3 Ra8 34. Raf3
Ba6 35. Rf7 Bd3 36. Re7 Kh8 37. Rff7 Rh6 38. Ra7 Rb8 39. Rxa4 Bg6 40. Rf6 Bxh5
41. Rxh6 Bg6 42. h4 Rxb2 43. hxg5 Rc2 44. Rh2 1-0

[Event "17MCR_F"]
[Site "?"]
[Date "2005.??.??"]
[Round "?"]
[White "Nejtek, Jiri"]
[Black "Soudny, Jiri"]
[Result "1-0"]
[WhiteElo "2349"]
[BlackElo "2326"]
[PlyCount "113"]
[EventDate "2005.??.??"]
[EventType "corr"]
[SourceDate "2005.03.19"]

1. e4 e6 2. d4 d5 3. e5 c5 4. Nc3 Nc6 5. Nf3 cxd4 6. Nb5 Bc5 7. a3 a6 8. b4 Bb6
9. Nbxd4 Bxd4 10. Nxd4 Nxe5 11. Bb2 f6 12. f4 Ng6 13. Qh5 Kf8 14. g3 e5 15.
fxe5 Nxe5 16. Be2 Qe8 17. O-O-O Ne7 18. Rhe1 b5 19. Rd2 Ra7 20. Nb3 Nc4 21.
Qxe8+ Kxe8 22. Bxc4 bxc4 23. Bd4 Rc7 24. Bb6 Rb7 25. Nc5 Rxb6 26. Rde2 Kf7 27.
Rxe7+ Kg6 28. Kd2 a5 29. c3 axb4 30. axb4 Rd6 31. Ra1 h5 32. Ra8 h4 33. Ne6 f5
34. Nd4 hxg3 35. hxg3 Kf6 36. Rc7 Rdd8 37. b5 Rh2+ 38. Kc1 Re8 39. Rc6+ Kf7 40.
Nf3 Rh1+ 41. Kd2 Bd7 42. Ra7 Rf1 43. Rxd7+ Kg8 44. Rxd5 Rf2+ 45. Kd1 Rxf3 46.
b6 Rf1+ 47. Kc2 Rb8 48. Kb2 Rf2+ 49. Ka3 Rc2 50. Kb4 Rb2+ 51. Kxc4 R8xb6 52.
Rxb6 Rxb6 53. Rxf5 g6 54. Rf4 Rb8 55. g4 Kg7 56. Kd5 Rd8+ 57. Ke6 1-0